[Event "11. Lovfalds EMT Basis 2 1997"]
[Site "Ringsted"]
[Date "1997.09.19"]
[Round "1"]
[White "Karie, Abdullahi M"]
[Black "Vintersfjord, Inette"]
[Result "1-0"]
[WhiteElo "1100"]
[BlackElo "1100"]
[PlyCount "87"]
[EventDate "1997.??.??"]

1. d4 d5 2. e3 e6 3. c4 Nf6 4. Nc3 Bb4 5. a3 Bxc3+ 6. bxc3 O-O 7. Nf3 Ne4 8.
Qb3 Nc6 9. Bd3 Ng5 10. Nxg5 Qxg5 11. O-O Na5 12. Qc2 dxc4 13. Bxh7+ Kh8 14. Be4
Bd7 15. Bf3 Nb3 16. Rb1 e5 17. e4 Qe7 18. d5 c6 19. Rxb3 cxb3 20. Qxb3 b6 21.
c4 Rac8 22. a4 Rb8 23. Rd1 b5 24. Ba3 b4 25. Bb2 Rb7 26. d6 Qd8 27. Bxe5 Qe8
28. Bd4 c5 29. Bxc5 Bxa4 30. Qe3 Bxd1 31. Bxd1 Qe6 32. Bb3 Ra8 33. e5 a5 34.
Qe4 Qd7 35. g3 a4 36. Bc2 g6 37. Bxb4 a3 38. Bc3 Kg8 39. c5 f5 40. Qd5+ Kg7 41.
e6+ Kh6 42. exd7 Rab8 43. Qd4 Rg8 44. Qh4# 1-0

[Event "11. Lovfalds EMT Basis 2 1997"]
[Site "Ringsted"]
[Date "1997.09.19"]
[Round "1"]
[White "Nielsen, Bo"]
[Black "Christensen, Henrik Baek"]
[Result "1-0"]
[WhiteElo "1155"]
[BlackElo "1322"]
[PlyCount "109"]
[EventDate "1997.??.??"]

1. d4 Nf6 2. c4 e6 3. Nc3 d5 4. Bg5 Be7 5. Nf3 dxc4 6. e3 Nd5 7. Bxe7 Qxe7 8.
Qa4+ Qd7 9. Qxc4 Qc6 10. Ne5 Qxc4 11. Bxc4 Nxc3 12. bxc3 Nd7 13. Nxd7 Bxd7 14.
O-O O-O 15. Rab1 b6 16. Rfd1 c6 17. e4 Rac8 18. Bb3 Rfd8 19. c4 c5 20. d5 exd5
21. exd5 Bf5 22. Rbc1 Rd6 23. Rc3 Re8 24. Re3 Rxe3 25. fxe3 Bg4 26. Re1 f6 27.
h3 Bd7 28. a4 a6 29. g4 b5 30. axb5 axb5 31. Ra1 bxc4 32. Bxc4 Rb6 33. Ra5 Rb1+
34. Kf2 Rb2+ 35. Kf3 Rh2 36. Kg3 Rc2 37. Rxc5 Kf8 38. d6 Ke8 39. Rc7 Rd2 40.
Bf7+ Kd8 41. Ra7 Rxd6 42. Bg8 h6 43. Bh7 Re6 44. e4 Re7 45. Bf5 Bxf5 46. Rxe7
Kxe7 47. gxf5 Kd6 48. Kf4 Kc5 49. e5 Kd5 50. e6 Kd6 51. Ke4 g6 52. fxg6 Kxe6
53. h4 f5+ 54. Kf4 Kd7 55. g7 1-0

[Event "11. Lovfalds EMT Basis 2 1997"]
[Site "Ringsted"]
[Date "1997.09.19"]
[Round "1"]
[White "Nielsen, Poul"]
[Black "Christensen, Michael"]
[Result "0-1"]
[WhiteElo "1184"]
[BlackElo "1146"]
[PlyCount "134"]
[EventDate "1997.??.??"]

1. d4 d5 2. Bf4 Bf5 3. Nc3 c6 4. e3 e6 5. a3 Nf6 6. Bd3 Bxd3 7. Qxd3 Be7 8. Nf3
Nbd7 9. O-O O-O 10. h3 c5 11. b3 a6 12. Rfe1 b5 13. Ne2 c4 14. bxc4 dxc4 15.
Qd1 Nb6 16. Ne5 Bd6 17. Bg5 Bxe5 18. dxe5 Qxd1 19. Raxd1 Ne4 20. Bf4 Nd5 21.
Rd4 Nxf4 22. exf4 Nc5 23. Nc3 Rad8 24. Red1 Rxd4 25. Rxd4 h6 26. Rd6 Ra8 27.
Rc6 Nd7 28. Ne4 Nf8 29. Nc5 Ng6 30. g3 Ne7 31. Rxa6 Rxa6 32. Nxa6 Nc6 33. c3
Kf8 34. Nc7 Na7 35. Kf1 Ke7 36. Na6 Kd7 37. a4 bxa4 38. Nc5+ Kc6 39. Nxa4 Kd5
40. Ke2 g5 41. Ke3 gxf4+ 42. gxf4 h5 43. Kf3 Nb5 44. Ke3 Nc7 45. Nb6+ Kc5 46.
Nd7+ Kc6 47. Nf6 Nd5+ 48. Nxd5 Kxd5 49. f3 h4 50. Kd2 Kc5 51. Kc2 Kb5 52. Kb2
Kc5 53. Kc2 Kd5 54. Kd2 Kc5 55. Ke3 Kd5 56. f5 Kxe5 57. f4+ Kxf5 58. Kd4 Kxf4
59. Kxc4 e5 60. Kd3 Kf3 61. c4 e4+ 62. Kd2 Kf2 63. c5 e3+ 64. Kd3 e2 65. c6
e1=Q 66. c7 Qd1+ 67. Ke4 Qc2+ 0-1

[Event "11. Lovfalds EMT Basis 2 1997"]
[Site "Ringsted"]
[Date "1997.09.19"]
[Round "1"]
[White "Nikolajsen, Martin"]
[Black "Skydsgaard, Sune"]
[Result "0-1"]
[WhiteElo "1340"]
[BlackElo "1274"]
[PlyCount "96"]
[EventDate "1997.??.??"]

1. e4 e5 2. Nf3 Nc6 3. Bc4 Bc5 4. d3 d6 5. Nc3 Bg4 6. Be3 Nd4 7. Bxd4 Bxd4 8.
h3 Bxf3 9. Qxf3 Qf6 10. Qxf6 Bxc3+ 11. bxc3 Nxf6 12. Rb1 Rb8 13. Ba6 b6 14.
Bb5+ Ke7 15. O-O Nh5 16. g3 Nf6 17. Kg2 d5 18. f4 dxe4 19. fxe5 Nd5 20. Rfe1
Nxc3 21. Rb3 Nxb5 22. Rxb5 exd3 23. cxd3 Rhd8 24. Rb3 Rd5 25. Ra3 a5 26. Rc3 c5
27. Rb3 Ke6 28. Kf3 b5 29. a4 Rxe5 30. Rxe5+ Kxe5 31. Rxb5 Rxb5 32. axb5 Kd5
33. Ke3 Kd6 34. d4 a4 35. b6 a3 36. dxc5+ Kc6 37. h4 a2 38. h5 a1=Q 39. h6 gxh6
40. g4 Qe5+ 41. Kf3 Kxc5 42. b7 Kd4 43. g5 hxg5 44. Kg4 Qf4+ 45. Kh3 Ke3 46.
b8=Q Qxb8 47. Kg4 Qf4+ 48. Kh5 Qh4# 0-1

[Event "11. Lovfalds EMT Basis 2 1997"]
[Site "Ringsted"]
[Date "1997.09.20"]
[Round "2"]
[White "Christensen, Henrik Baek"]
[Black "Nielsen, Poul"]
[Result "1-0"]
[WhiteElo "1322"]
[BlackElo "1184"]
[PlyCount "79"]
[EventDate "1997.??.??"]

1. d4 e6 2. c4 Nf6 3. Nc3 Be7 4. Nf3 d5 5. Bf4 a6 6. e3 Bb4 7. a3 Bxc3+ 8. bxc3
Ne4 9. Qc2 Qf6 10. Bxc7 Nd7 11. cxd5 exd5 12. Bd3 Ng5 13. Nxg5 Qxg5 14. Bg3 Nf6
15. O-O-O g6 16. Rhg1 Nh5 17. Qd2 O-O 18. e4 Qxd2+ 19. Rxd2 Nxg3 20. hxg3 Be6
21. exd5 Bxd5 22. c4 Be6 23. d5 Bd7 24. Rb2 Rab8 25. Kd2 Rfc8 26. Rgb1 Rc7 27.
d6 Rc6 28. Rxb7 Rxb7 29. Rxb7 Rxd6 30. Rb8+ Kg7 31. Rd8 Kf6 32. Kc3 Ke7 33. Ra8
Rc6 34. Be4 Re6 35. Bd5 Rf6 36. Ra7 Rxf2 37. Bc6 Kd6 38. Bxd7 Rxg2 39. Be8
Rxg3+ 40. Kb4 1-0

[Event "11. Lovfalds EMT Basis 2 1997"]
[Site "Ringsted"]
[Date "1997.09.20"]
[Round "2"]
[White "Christensen, Michael"]
[Black "Karie, Abdullahi M"]
[Result "1/2-1/2"]
[WhiteElo "1146"]
[BlackElo "1100"]
[PlyCount "140"]
[EventDate "1997.??.??"]

1. e4 e5 2. Nf3 d6 3. Bc4 h6 4. Nc3 Bg4 5. d3 Nf6 6. Be3 Nc6 7. h3 Bh5 8. g4
Bg6 9. Qd2 Na5 10. Bd5 c6 11. Bb3 Nxb3 12. axb3 b6 13. g5 Nd7 14. gxh6 gxh6 15.
d4 Bg7 16. dxe5 Nxe5 17. Nxe5 Bxe5 18. Bxh6 Bxe4 19. Nxe4 Qe7 20. O-O-O O-O-O
21. Bg5 f6 22. f4 fxg5 23. fxe5 Qxe5 24. Qe2 Qf4+ 25. Kb1 d5 26. Nf2 Rhf8 27.
Qg4+ Kb7 28. Qxf4 Rxf4 29. Nd3 Rf5 30. Rhf1 Rxf1 31. Rxf1 Rh8 32. Rf7+ Kb8 33.
Rg7 Rxh3 34. Rxg5 Rh1+ 35. Ka2 Rh2 36. Nb4 c5 37. Rg8+ Kb7 38. Rg7+ Kc8 39.
Nxd5 Rxc2 40. Rxa7 b5 41. Kb1 Rh2 42. Rc7+ Kb8 43. Rxc5 Kb7 44. Rxb5+ Kc6 45.
Nc3 Rh4 46. Rg5 Rb4 47. Rg6+ Kc5 48. Rg5+ Kc6 49. Ne2 Kb6 50. Rg8 Kc5 51. Rg5+
Kb6 52. Ka2 Kc6 53. Ka3 Rb8 54. Nd4+ Kd6 55. Re5 Ra8+ 56. Kb4 Kxe5 57. Nb5 Rb8
58. Kc4 Rc8+ 59. Kd3 Kd5 60. b4 Rb8 61. Nc7+ Kc6 62. Na6 Rb6 63. Kc4 Rb5 64. b3
Rh5 65. b5+ Kb6 66. Nb4 Rh4+ 67. Kc3 Kxb5 68. Nc2 Rh3+ 69. Kb2 Rh2 70. Kb1 Rh1+
1/2-1/2

[Event "11. Lovfalds EMT Basis 2 1997"]
[Site "Ringsted"]
[Date "1997.09.20"]
[Round "2"]
[White "Skydsgaard, Sune"]
[Black "Nielsen, Bo"]
[Result "0-1"]
[WhiteElo "1274"]
[BlackElo "1155"]
[PlyCount "114"]
[EventDate "1997.??.??"]

1. e4 c6 2. d4 d5 3. exd5 cxd5 4. Nf3 Bg4 5. Nc3 e6 6. a3 Nc6 7. Be2 Bd6 8. Be3
Nge7 9. Nb5 Bxf3 10. Nxd6+ Qxd6 11. Bxf3 Nf5 12. Qd2 Nxe3 13. Qxe3 O-O 14. O-O
Rfe8 15. Qb3 Nxd4 16. Qd3 Nxf3+ 17. Qxf3 e5 18. Rfd1 Qb6 19. Qxd5 Rad8 20. Qb3
Qxb3 21. cxb3 Rd4 22. Kf1 Red8 23. Rxd4 Rxd4 24. Ke2 Kf8 25. Rc1 Rd7 26. b4 Ke7
27. Rc8 Ke6 28. Ke3 b5 29. Rb8 a6 30. f3 h5 31. h3 Kd5 32. Rc8 f5 33. Rc5+ Ke6
34. Rc6+ Rd6 35. Rxd6+ Kxd6 36. g4 hxg4 37. hxg4 fxg4 38. fxg4 Kd5 39. b3 g5
40. Kd3 e4+ 41. Ke3 Ke5 42. a4 Kd5 43. Kd2 Kd4 44. Ke2 e3 45. Ke1 Kd3 46. Kd1
e2+ 47. Ke1 Kc3 48. Kxe2 Kxb3 49. axb5 axb5 50. Ke3 Kxb4 51. Ke4 Kc5 52. Kf5 b4
53. Kxg5 b3 54. Kh6 b2 55. g5 b1=Q 56. g6 Qh1+ 57. Kg5 Qh8 0-1

[Event "11. Lovfalds EMT Basis 2 1997"]
[Site "Ringsted"]
[Date "1997.09.20"]
[Round "2"]
[White "Skytt, Soren"]
[Black "Nikolajsen, Martin"]
[Result "0-1"]
[WhiteElo "1000"]
[BlackElo "1340"]
[PlyCount "96"]
[EventDate "1997.??.??"]

1. e4 e5 2. Nf3 Nc6 3. Bc4 Bc5 4. a3 d6 5. b4 Bb6 6. Bb2 Bg4 7. h3 Bxf3 8. Qxf3
Qf6 9. Qxf6 Nxf6 10. Nc3 Bd4 11. f3 O-O 12. Rb1 Nh5 13. Ne2 Bxb2 14. Rxb2 Ne7
15. O-O Kh8 16. Rfb1 f5 17. Nc3 f4 18. b5 b6 19. Nd5 Nxd5 20. Bxd5 Rad8 21. Be6
Nf6 22. g4 fxg3 23. Kg2 Rde8 24. Ba2 Nh5 25. Bd5 Rf4 26. Bc6 Ref8 27. Rf1 Rh4
28. Bd7 Rhf4 29. Bg4 Nf6 30. Kxg3 Nxg4 31. hxg4 Rxe4 32. fxe4 Rxf1 33. d3 h6
34. Rb4 Rf8 35. Rc4 Rc8 36. Kh4 Kg8 37. d4 exd4 38. Rxd4 Re8 39. g5 hxg5+ 40.
Kxg5 Re5+ 41. Kf4 Rxb5 42. Rb4 Rxb4 43. axb4 a5 44. bxa5 bxa5 45. Ke3 g5 46.
Kf3 Kg7 47. Kg4 Kf6 48. c4 a4 0-1

[Event "11. Lovfalds EMT Basis 2 1997"]
[Site "Ringsted"]
[Date "1997.09.20"]
[Round "3"]
[White "Christensen, Henrik Baek"]
[Black "Skytt, Soren"]
[Result "1-0"]
[WhiteElo "1322"]
[BlackElo "1000"]
[PlyCount "27"]
[EventDate "1997.??.??"]

1. d4 d5 2. c4 dxc4 3. Nc3 Nf6 4. Qa4+ Bd7 5. Qxc4 b5 6. Nxb5 Bxb5 7. Qxb5+
Nbd7 8. Qa4 e6 9. Bg5 Bd6 10. e4 Be7 11. Bxf6 Bxf6 12. e5 Bg5 13. Bb5 O-O 14.
Bxd7 1-0

[Event "11. Lovfalds EMT Basis 2 1997"]
[Site "Ringsted"]
[Date "1997.09.20"]
[Round "3"]
[White "Christensen, Michael"]
[Black "Nielsen, Bo"]
[Result "1/2-1/2"]
[WhiteElo "1146"]
[BlackElo "1155"]
[PlyCount "90"]
[EventDate "1997.??.??"]

1. d4 d5 2. Nf3 c6 3. Nc3 Nf6 4. Bg5 Ne4 5. Nxe4 dxe4 6. Nd2 h6 7. Be3 Bf5 8.
g3 Nd7 9. Bg2 Nf6 10. c3 Qd5 11. Qb3 Qxb3 12. Nxb3 e6 13. Nd2 Bd6 14. Nc4 Bc7
15. O-O O-O 16. f3 exf3 17. Rxf3 Be4 18. Rxf6 Bxg2 19. Rf2 Bh3 20. Bf4 Bxf4 21.
Rxf4 g5 22. Rf2 b5 23. Ne5 Rac8 24. Nd7 Rfd8 25. Ne5 Rc7 26. Rf6 Kg7 27. Rf3 g4
28. Rf4 f5 29. Nd3 a5 30. Nf2 c5 31. Nxh3 gxh3 32. Rh4 cxd4 33. Rd1 e5 34. Kf2
b4 35. cxb4 Rc2 36. bxa5 Rxb2 37. Rc1 Rd7 38. Rc6 Kf8 39. Rcxh6 Ke7 40. Rh7+
Kd8 41. Rxd7+ Kxd7 42. Rxh3 Rxa2 43. Rh7+ Kc8 44. Rh8+ Kb7 45. Rf8 d3 1/2-1/2

[Event "11. Lovfalds EMT Basis 2 1997"]
[Site "Ringsted"]
[Date "1997.09.20"]
[Round "3"]
[White "Skydsgaard, Sune"]
[Black "Karie, Abdullahi M"]
[Result "1-0"]
[WhiteElo "1274"]
[BlackElo "1100"]
[PlyCount "125"]
[EventDate "1997.??.??"]

1. e4 e5 2. Bc4 d6 3. Nc3 Nf6 4. d3 h6 5. Be3 Nc6 6. Nf3 Bg4 7. a3 Be7 8. Rg1
a6 9. Bb3 Qd7 10. Qe2 Bh5 11. O-O-O O-O-O 12. h3 Kb8 13. Qd2 Bxf3 14. gxf3 g5
15. Rh1 Rhf8 16. h4 Nh7 17. hxg5 Nxg5 18. Qe2 Nd4 19. Bxd4 exd4 20. Nd5 Rh8 21.
Rdg1 Ne6 22. Qd2 c6 23. Nxe7 Qxe7 24. Rxh6 Rhf8 25. Rgh1 Ng5 26. f4 Ne6 27.
Bxe6 fxe6 28. Rh7 Rf7 29. Qa5 Rdf8 30. Rxf7 Qxf7 31. f5 exf5 32. exf5 c5 33.
Qb6 Qe7 34. Kd1 Rxf5 35. Rh8+ Rf8 36. Rxf8+ Qxf8 37. Ke2 Qe7+ 38. Kf1 Qf6 39.
Qb3 Qf3 40. Qe6 Qh1+ 41. Ke2 Qh5+ 42. Kd2 Qg5+ 43. Kd1 Qf4 44. Qe8+ Ka7 45. Qe2
Qh2 46. b3 Qh1+ 47. Qe1 Qf3+ 48. Kc1 Kb6 49. Qg1 a5 50. Qg3 Qh1+ 51. Kb2 Qh6
52. f4 Kc7 53. Qg5 Qe6 54. f5 Qe1 55. Qg2 Qc3+ 56. Ka2 Qe1 57. f6 Qe6 58. Qg7+
Kb6 59. Qe7 Qg4 60. Qxd6+ Kb5 61. a4+ Kb4 62. Kb2 b5 63. Qc6 1-0

[Event "11. Lovfalds EMT Basis 2 1997"]
[Site "Ringsted"]
[Date "1997.09.20"]
[Round "3"]
[White "Vintersfjord, Inette"]
[Black "Nikolajsen, Martin"]
[Result "0-1"]
[WhiteElo "1100"]
[BlackElo "1340"]
[PlyCount "104"]
[EventDate "1997.??.??"]

1. e4 e5 2. d3 Bc5 3. Nf3 d6 4. Be2 Nc6 5. O-O h6 6. Nc3 Nge7 7. Na4 Bb6 8. Nh4
Nd4 9. c3 Nxe2+ 10. Qxe2 Nc6 11. Nxb6 axb6 12. Nf5 Bxf5 13. exf5 Qf6 14. Qe4
O-O 15. Be3 Ra7 16. d4 exd4 17. cxd4 Ra4 18. Rfd1 Rfa8 19. a3 R4a5 20. Rab1
Qxf5 21. Qd3 Qxd3 22. Rxd3 Rd5 23. Rc1 Ra4 24. Rcd1 b5 25. h3 b4 26. Kh2 bxa3
27. bxa3 Rda5 28. d5 Ne7 29. Bc1 Rb5 30. f3 Rb1 31. Re3 Nxd5 32. Rxd5 Rxc1 33.
Re8+ Kh7 34. Rd3 Rc5 35. Re7 f6 36. Rde3 Rac4 37. Re2 Re5 38. R7xe5 fxe5 39.
Ra2 b5 40. g3 Ra4 41. h4 b4 42. g4 Rxa3 43. Rc2 Rc3 44. Rb2 b3 45. Kg3 c5 46.
g5 c4 47. gxh6 Kxh6 48. Kg4 Rc2 49. Rb1 b2 50. Rxb2 Rxb2 51. f4 c3 52. fxe5
dxe5 0-1

[Event "11. Lovfalds EMT Basis 2 1997"]
[Site "Ringsted"]
[Date "1997.09.21"]
[Round "4"]
[White "Nielsen, Poul"]
[Black "Skytt, Soren"]
[Result "1-0"]
[WhiteElo "1184"]
[BlackElo "1000"]
[PlyCount "49"]
[EventDate "1997.??.??"]

1. d4 d5 2. Nc3 Nf6 3. Bf4 a6 4. e3 Bf5 5. Bd3 Qd7 6. Qe2 Nc6 7. Nf3 Nb4 8.
Bxf5 Qxf5 9. Rc1 e6 10. Bxc7 Ne4 11. a3 Nc6 12. Nxe4 dxe4 13. Nd2 Be7 14. Nc4
O-O 15. Bd6 b5 16. Bxe7 Nxe7 17. Ne5 Rfd8 18. O-O Rd5 19. c4 Rd6 20. cxb5 axb5
21. Rc7 Ng6 22. Qxb5 Raa6 23. Nxg6 Qxb5 24. Rc8+ Qe8 25. Rxe8# 1-0

[Event "11. Lovfalds EMT Basis 2 1997"]
[Site "Ringsted"]
[Date "1997.09.21"]
[Round "4"]
[White "Nikolajsen, Martin"]
[Black "Nielsen, Bo"]
[Result "1-0"]
[WhiteElo "1340"]
[BlackElo "1155"]
[PlyCount "109"]
[EventDate "1997.??.??"]

1. e4 c6 2. c4 e5 3. d3 d5 4. cxd5 cxd5 5. exd5 Qxd5 6. Nc3 Qe6 7. Nf3 h6 8.
Qe2 Nc6 9. Nb5 Bd6 10. Bd2 a6 11. Nxd6+ Qxd6 12. Bc3 Bg4 13. Bxe5 Bxf3 14.
Bxd6+ Bxe2 15. Bxe2 Nd4 16. Kd2 Rc8 17. Rac1 Nc6 18. Bf3 Nge7 19. Rhe1 Kd7 20.
Bxe7 Nxe7 21. Bxb7 Rb8 22. Bxa6 Rxb2+ 23. Rc2 Rhb8 24. Rec1 Rxc2+ 25. Rxc2 Rb1
26. a4 Nd5 27. Bb5+ Kd8 28. Rc4 Nc7 29. Kc2 Rf1 30. Rf4 f6 31. d4 Ne6 32. Bxf1
Nxf4 33. a5 Kc7 34. a6 Kb6 35. Kd2 Nd5 36. Bc4 Nc7 37. Kc3 f5 38. d5 Kc5 39. g3
Nxa6 40. Bxa6 Kxd5 41. Kd3 g5 42. f4 gxf4 43. gxf4 Ke6 44. Bc8+ Kf6 45. Kd4 Kg6
46. Ke5 Kg7 47. Kxf5 Kf7 48. Ba6 Kg7 49. Ke6 h5 50. f5 h4 51. Ke7 h3 52. f6+
Kg8 53. Bd3 Kh8 54. f7 Kg7 55. f8=Q# 1-0

[Event "11. Lovfalds EMT Basis 2 1997"]
[Site "Ringsted"]
[Date "1997.09.21"]
[Round "4"]
[White "Skydsgaard, Sune"]
[Black "Christensen, Michael"]
[Result "1/2-1/2"]
[WhiteElo "1274"]
[BlackElo "1146"]
[PlyCount "44"]
[EventDate "1997.??.??"]

1. e4 c5 2. Nf3 d6 3. d4 cxd4 4. Nxd4 Nf6 5. Nc3 g6 6. Be3 Bg7 7. Qd2 Bd7 8.
Bc4 O-O 9. Bh6 e6 10. Bxg7 Kxg7 11. Nf3 Bc6 12. O-O Ne8 13. Nb5 a6 14. Qd4+ Kg8
15. Nc3 b5 16. Be2 Bb7 17. Qe3 d5 18. Qh6 b4 19. Ng5 Qxg5 20. Qxg5 bxc3 21. b3
dxe4 22. Qc5 Nc6 1/2-1/2

[Event "11. Lovfalds EMT Basis 2 1997"]
[Site "Ringsted"]
[Date "1997.09.21"]
[Round "4"]
[White "Vintersfjord, Inette"]
[Black "Christensen, Henrik Baek"]
[Result "0-1"]
[WhiteElo "1100"]
[BlackElo "1322"]
[PlyCount "62"]
[EventDate "1997.??.??"]

1. e4 e5 2. d3 Nc6 3. Nf3 Nf6 4. Bg5 Bc5 5. Be2 h6 6. Bxf6 Qxf6 7. O-O d6 8.
Nc3 Qg6 9. Nd5 Bh3 10. g3 Bxf1 11. Nxc7+ Kd7 12. Nxa8 Bxe2 13. Qxe2 Rxa8 14.
Nh4 Nd4 15. Qd1 Qf6 16. Qg4+ Ne6 17. Nf3 Ke7 18. c3 Ng5 19. Kg2 Nxf3 20. Qxf3
Qxf3+ 21. Kxf3 Rf8 22. b4 Bb6 23. a4 a5 24. b5 f5 25. g4 fxe4+ 26. Kxe4 Rxf2
27. h4 Rf4+ 28. Kd5 Rxg4 29. Rh1 Bd4 30. c4 Bc5 31. h5 Rd4# 0-1

[Event "11. Lovfalds EMT Basis 2 1997"]
[Site "Ringsted"]
[Date "1997.09.21"]
[Round "5"]
[White "Christensen, Henrik Baek"]
[Black "Nikolajsen, Martin"]
[Result "1-0"]
[WhiteElo "1322"]
[BlackElo "1340"]
[PlyCount "101"]
[EventDate "1997.??.??"]

1. d4 d5 2. c4 e6 3. Nc3 Bb4 4. Bd2 Bxc3 5. Bxc3 Nf6 6. f3 O-O 7. c5 b6 8. b4
a5 9. b5 Nbd7 10. c6 Nb8 11. a4 Qd6 12. Qb3 Nxc6 13. bxc6 Qxc6 14. Rc1 Ba6 15.
e3 Bc4 16. Bxc4 dxc4 17. Bb2 cxb3 18. Rxc6 Nd5 19. Kd2 Rac8 20. Ba3 Rfd8 21.
Ne2 Nb4 22. Bxb4 axb4 23. Rb1 Ra8 24. Rxb3 Rxa4 25. Rxc7 Ra2+ 26. Ke1 Rb8 27.
Rxb4 g6 28. Rc1 Ra7 29. Rcb1 Rab7 30. Rb5 Kf8 31. Nc3 Ke7 32. d5 Kd6 33. e4 Kc7
34. dxe6 fxe6 35. g4 Ra8 36. Kd2 Ra3 37. Kc2 Ra5 38. Rxa5 bxa5 39. Nb5+ Kd7 40.
e5 Rb6 41. Nd4 Ra6 42. Ra1 Ra8 43. Kd3 Ra7 44. Nb3 a4 45. Nc5+ Kc6 46. Rxa4
Rxa4 47. Nxa4 Kd5 48. f4 h6 49. Nc3+ Kc6 50. Kd4 Kd7 51. Kc5 1-0

[Event "11. Lovfalds EMT Basis 2 1997"]
[Site "Ringsted"]
[Date "1997.09.21"]
[Round "5"]
[White "Nielsen, Bo"]
[Black "Karie, Abdullahi M"]
[Result "1-0"]
[WhiteElo "1155"]
[BlackElo "1100"]
[PlyCount "69"]
[EventDate "1997.??.??"]

1. d4 d5 2. c4 c6 3. Nc3 e6 4. c5 Nf6 5. Bg5 Be7 6. Bxf6 Bxf6 7. e4 Nd7 8. e5
Bg5 9. Nf3 Be7 10. Bd3 b5 11. b4 O-O 12. Bc2 f5 13. exf6 Nxf6 14. Ne5 Bd7 15.
Qd3 Qe8 16. a4 a6 17. O-O Qh5 18. Nxd7 Nxd7 19. Rfe1 e5 20. Bd1 Qg5 21. Qh3 Qf4
22. Bf3 Qf5 23. Qxf5 Rxf5 24. Nxd5 Rxf3 25. Nxe7+ Kf7 26. gxf3 Kxe7 27. dxe5
Rf8 28. axb5 axb5 29. Kg2 Rf4 30. e6 Nf6 31. Ra7+ Kf8 32. Rd1 Rxb4 33. Rd8+ Ne8
34. Rf7+ Kg8 35. Rxe8# 1-0

[Event "11. Lovfalds EMT Basis 2 1997"]
[Site "Ringsted"]
[Date "1997.09.21"]
[Round "5"]
[White "Nielsen, Poul"]
[Black "Vintersfjord, Inette"]
[Result "1-0"]
[WhiteElo "1184"]
[BlackElo "1100"]
[PlyCount "55"]
[EventDate "1997.??.??"]

1. d4 d5 2. Nc3 Nf6 3. Bf4 Nc6 4. Nb5 e5 5. dxe5 Nxe5 6. Bxe5 Bb4+ 7. c3 Bd6 8.
Bxd6 cxd6 9. Qa4 O-O 10. Qd4 Ng4 11. Qxd5 Qb6 12. e3 Nf6 13. Qxd6 a6 14. Qxb6
axb5 15. Rd1 Rxa2 16. Rd8 Ne8 17. Bxb5 g6 18. Rxc8 Rxb2 19. Rxe8 Rxe8 20. Qxb7
Rf8 21. Qd5 Rb1+ 22. Ke2 Rb2+ 23. Kf3 Rc2 24. Ne2 Kg7 25. Rd1 h5 26. Qe5+ Kh6
27. Bd3 Rb2 28. Qf6 1-0